000 00506nam a2200181Ia 4500
008 100920s9999 xx 000 0 und d
082 _b38967
_a24 थ 78
100 _aरानडे जयंत.
245 _aचरस.
260 _bउदयदीप प्रकाशन, गिरगाव मुंबई 4.
_c1978
300 _a157
_bसाधी
365 _b14
520 _aसायो.
630 _aचरस.
650 _aसायो.
730 _aचरस.
942 _cBOOK
999 _c690821
_d690818